[Event "GBR-ch blitz (Women)"]
[Site "Birmingham"]
[Date "2019.11.16"]
[Round "7"]
[White "Arora, Prachi"]
[Black "Raghavendra, Mahima"]
[Result "0-1"]
[WhiteElo "1577"]
[BlackElo "1486"]
[PlyCount "74"]
[EventDate "2019.11.16"]
[EventType "tourn (blitz)"]
[EventRounds "15"]
[EventCountry "ENG"]
[SourceTitle "CBM 193 Extra"]
[Source "ChessBase"]
[SourceDate "2020.01.31"]
[SourceVersion "1"]
[SourceVersionDate "2020.01.31"]
[SourceQuality "1"]

1. e4 c5 2. Nf3 g6 3. Nc3 Nc6 4. Bc4 Bg7 5. Ng5 e6 6. Nf3 Nf6 7. 0-0 0-0 8. d3 d5 9. exd5 exd5 10. Bb5 a6 11. Ba4 b5 12. Bb3 c4 13. dxc4 dxc4 14. Qxd8 Rxd8 15. Bxc4 bxc4 16. Bg5 Bf5 17. Rad1 Rxd1 18. Rxd1 Bxc2 19. Re1 Re8 20. Bxf6 Rxe1+ 21. Nxe1 Bxf6 22. Nxc2 Kf8 23. Kf1 Ke8 24. Nd5 Bxb2 25. Nc7+ Kd7 26. Nxa6 c3 27. Nc5+ Kd6 28. Ne4+ Ke5 29. f3 Nd4 30. Nxd4 Kxd4 31. Ke1 c2 32. Kd2 c1Q+ 33. Ke2 Qe3+ 34. Kf1 f5 35. Ng3 Kd3 36. a4 Bc3 37. a5 Qe1# 0-1

[Event "GBR-ch blitz (Women)"]
[Site "Birmingham"]
[Date "2019.11.16"]
[Round "15"]
[White "Raghavendra, Mahima"]
[Black "Head, Louise"]
[Result "0-1"]
[WhiteElo "1486"]
[BlackElo "1844"]
[PlyCount "140"]
[EventDate "2019.11.16"]
[EventType "tourn (blitz)"]
[EventRounds "15"]
[EventCountry "ENG"]
[SourceTitle "CBM 193 Extra"]
[Source "ChessBase"]
[SourceDate "2020.01.31"]
[SourceVersion "1"]
[SourceVersionDate "2020.01.31"]
[SourceQuality "1"]

1. e4 c6 2. d4 d5 3. exd5 cxd5 4. c4 Nf6 5. Nc3 e6 6. Nf3 Be7 7. Bd3 dxc4 8. Bxc4 0-0 9. 0-0 a6 10. Bf4 b5 11. Bd3 Bb7 12. Rc1 Nbd7 13. Re1 Rc8 14. Bb1 b4 15. Ne4 Nxe4 16. Bxe4 Bxe4 17. Rxe4 Nf6 18. Re1 Nd5 19. Bg3 Bf6 20. Ne5 Nb6 21. Nc6 Qd7 22. Nxb4 Rxc1 23. Qxc1 Qxd4 24. Nxa6 Ra8 25. Rd1 Qa4 26. Nc5 Qxa2 27. Ne4 Bxb2 28. Qc6 Qa4 29. Qxa4 Nxa4 30. Rd2 h6 31. h3 Rc8 32. Nd6 Rd8 33. Nc4 Rxd2 34. Nxd2 Nc3 35. Kf1 Nd5 36. Ke2 g5 37. Bh2 Kg7 38. g4 Kg6 39. Ne4 Nf4+ 40. Kf3 Nxh3 41. Nd6 Bc1 42. Nc4 Bf4 43. Ne5+ Kf6 44. Bxf4 Nxf4 45. Nc4 Nd5 46. Nd6 Kg6 47. Ne4 f5 48. gxf5+ exf5 49. Nd6 Nf6 50. Nc4 g4+ 51. Kg3 Kg5 52. Ne5 f4+ 53. Kg2 h5 54. Nf7+ Kf5 55. Nh6+ Kg6 56. Nxg4 hxg4 57. f3 g3 58. Kh3 Kg5 59. Kg2 Nd5 60. Kh3 Nc3 61. Kg2 Nb5 62. Kh3 Nd4 63. Kg2 Kf5 64. Kh3 Nxf3 65. Kg2 Ng5 66. Kg1 f3 67. Kh1 Kg4 68. Kg1 Nh3+ 69. Kh1 g2+ 70. Kh2 g1Q# 0-1

[Event "GBR-ch blitz (Women)"]
[Site "Birmingham"]
[Date "2019.11.16"]
[Round "10"]
[White "Raghavendra, Mahima"]
[Black "Jina, Asha"]
[Result "1-0"]
[WhiteElo "1486"]
[BlackElo "1510"]
[PlyCount "51"]
[EventDate "2019.11.16"]
[EventType "tourn (blitz)"]
[EventRounds "15"]
[EventCountry "ENG"]
[SourceTitle "CBM 193 Extra"]
[Source "ChessBase"]
[SourceDate "2020.01.31"]
[SourceVersion "1"]
[SourceVersionDate "2020.01.31"]
[SourceQuality "1"]

1. e4 e6 2. d4 d5 3. Nd2 Nf6 4. e5 Nfd7 5. f4 c5 6. c3 Nc6 7. Ndf3 Qb6 8. Ne2 Be7 9. g3 f6 10. Bg2 fxe5 11. fxe5 Qc7 12. a3 b6 13. Nf4 Nf8 14. Bh3 h5 15. Qd3 Bd7 16. Ng6 Rg8 17. Nxe7 Nxe7 18. Ng5 0-0-0 19. Nf7 Re8 20. Nd6+ Kb8 21. Nxe8 Bxe8 22. Bg5 Bg6 23. Qf3 Be4 24. Qf7 Bxh1 25. Bxe7 Rh8 26. Bd6 1-0

[Event "GBR-ch blitz (Women)"]
[Site "Birmingham"]
[Date "2019.11.16"]
[Round "9"]
[White "Supatan, Dawn"]
[Black "Raghavendra, Mahima"]
[Result "1/2-1/2"]
[WhiteElo "1596"]
[BlackElo "1486"]
[PlyCount "132"]
[EventDate "2019.11.16"]
[EventType "tourn (blitz)"]
[EventRounds "15"]
[EventCountry "ENG"]
[SourceTitle "CBM 193 Extra"]
[Source "ChessBase"]
[SourceDate "2020.01.31"]
[SourceVersion "1"]
[SourceVersionDate "2020.01.31"]
[SourceQuality "1"]

1. e4 c5 2. Nf3 g6 3. c3 Nc6 4. d4 cxd4 5. cxd4 d6 6. Nc3 Bg7 7. Bb5 Bd7 8. Be3 e6 9. 0-0 Nf6 10. h3 0-0 11. Qd2 Re8 12. Rfe1 a6 13. Ba4 d5 14. e5 Ne4 15. Nxe4 dxe4 16. Nh2 f5 17. exf6 Qxf6 18. d5 exd5 19. Qxd5+ Be6 20. Qd2 Rad8 21. Qc2 Rc8 22. Qe2 b5 23. Bc2 Bc4 24. Qd2 Red8 25. Qc1 Re8 26. b3 Qxa1 27. Qxa1 Bxa1 28. Rxa1 Bf7 29. Rd1 Rcd8 30. Rxd8 Nxd8 31. Ng4 Re6 32. Kh2 Kf8 33. Kg3 Nc6 34. a3 h5 35. Nh2 Ne5 36. f3 exf3 37. gxf3 Nc6 38. Bg5 Re2 39. Be4 Bxb3 40. Bxc6 Ra2 41. Bh6+ Ke7 42. Bc1 Kd6 43. Be4 a5 44. Bxg6 Rc2 45. Bf4+ Kd5 46. Bxc2 Bxc2 47. Bc1 b4 48. axb4 axb4 49. Kh4 Bg6 50. Kg5 Be8 51. f4 b3 52. Bb2 Kc4 53. f5 Kd3 54. f6 Kc2 55. Be5 b2 56. Bxb2 Kxb2 57. Nf3 Kc3 58. Kh6 Kd3 59. Kg7 Ke4 60. Nd2+ Kf4 61. Nf1 h4 62. f7 Bxf7 63. Kxf7 Kf3 64. Kg6 Kg2 65. Ne3+ Kxh3 66. Kh5 Kg3 1/2-1/2

[Event "BCF-chT3N 1718 (4NCL)"]
[Site "England"]
[Date "2017.11.11"]
[Round "1.72"]
[White "Hurney, Kevin"]
[Black "Raghavendra, Mahima"]
[Result "1-0"]
[WhiteElo "1940"]
[BlackElo "1705"]
[PlyCount "67"]
[EventDate "2017.11.11"]
[EventType "team-swiss"]
[EventRounds "11"]
[EventCountry "ENG"]
[SourceTitle "EXT 2020"]
[Source "ChessBase"]
[SourceDate "2019.10.17"]
[SourceVersion "1"]
[SourceVersionDate "2019.10.17"]
[SourceQuality "1"]
[WhiteTeam "Shropshire"]
[BlackTeam "Manchester Manticores IV"]
[WhiteTeamCountry "ENG"]
[BlackTeamCountry "ENG"]

1. e4 c5 2. Nf3 g6 3. Bc4 Nc6 4. 0-0 Bg7 5. Nc3 e6 6. d3 Nf6 7. Bg5 h6 8. Bh4 d6 9. Qd2 a6 10. a4 g5 11. Bg3 Nh5 12. Ne2 d5 13. exd5 exd5 14. Ba2 0-0 15. d4 Nxg3 16. fxg3 c4 17. c3 b5 18. Bb1 Rb8 19. Qc2 f5 20. g4 b4 21. gxf5 Bxf5 22. Qd2 Bxb1 23. Raxb1 b3 24. Ng3 Qd7 25. Rbe1 Rbe8 26. Nh5 Nd8 27. Ne5 Bxe5 28. dxe5 Qa7+ 29. Kh1 Rxf1+ 30. Rxf1 Rxe5 31. Nf6+ Kg7 32. Ng4 Re7 33. Qxd5 Qb6 34. a5 1-0

[Event "Doncaster 4NCL op-B 15th"]
[Site "Doncaster"]
[Date "2017.09.09"]
[Round "3"]
[White "Camp, Syringa Lyn"]
[Black "Raghavendra, Mahima"]
[Result "0-1"]
[WhiteElo "1682"]
[BlackElo "1562"]
[PlyCount "82"]
[EventDate "2017.09.08"]
[EventType "swiss"]
[EventRounds "5"]
[EventCountry "ENG"]
[SourceTitle "CBM 180 Extra"]
[Source "ChessBase"]
[SourceDate "2017.10.06"]
[SourceVersion "1"]
[SourceVersionDate "2017.10.06"]
[SourceQuality "1"]

1. e4 e6 2. d4 d5 3. e5 c5 4. f4 cxd4 5. Nf3 Nc6 6. Nxd4 Bd7 7. c3 f6 8. Nf3 fxe5 9. fxe5 Nxe5 10. Bf4 Nxf3+ 11. Qxf3 Nf6 12. Nd2 Bc6 13. Qe2 Qd7 14. Qe5 Rd8 15. 0-0-0 Bd6 16. Qxd6 Qxd6 17. Bxd6 Rxd6 18. Nc4 Rd8 19. Ne5 0-0 20. Rg1 Nd7 21. Nxc6 bxc6 22. g3 e5 23. Bh3 Rf6 24. b4 e4 25. a4 Nb6 26. a5 Na4 27. c4 d4 28. Bg2 Nc3 29. Rd2 e3 30. Rc2 Rdf8 31. Rxc3 dxc3 32. Kc2 Rf2+ 33. Kxc3 Re8 34. Bxc6 e2 35. Re1 Rf1 36. Rxe2 Rxe2 37. c5 Rc1+ 38. Kd4 Rd2+ 39. Ke3 Rb2 40. b5 Rxc5 41. Kd4 Rbxb5 0-1

[Event "Doncaster 4NCL op-B 15th"]
[Site "Doncaster"]
[Date "2017.09.09"]
[Round "2"]
[White "Raghavendra, Mahima"]
[Black "Jacob, Sydney J"]
[Result "0-1"]
[WhiteElo "1562"]
[BlackElo "1838"]
[PlyCount "95"]
[EventDate "2017.09.08"]
[EventType "swiss"]
[EventRounds "5"]
[EventCountry "ENG"]
[SourceTitle "CBM 180 Extra"]
[Source "ChessBase"]
[SourceDate "2017.10.06"]
[SourceVersion "1"]
[SourceVersionDate "2017.10.06"]
[SourceQuality "1"]

1. e4 c5 2. Nc3 g6 3. g3 Nc6 4. Bg2 e5 5. d3 Bg7 6. f4 d6 7. Nge2 h5 8. h3 Nge7 9. Be3 b6 10. Rb1 Be6 11. Qd2 d5 12. exd5 Nxd5 13. 0-0 Qd7 14. Nxd5 Bxd5 15. Bxd5 Qxd5 16. Nc3 Qd7 17. Qg2 0-0 18. Ne4 Rfe8 19. fxe5 Bxe5 20. Bg5 f5 21. Nf6+ Bxf6 22. Bxf6 Re6 23. Bc3 Rae8 24. Rbe1 Nd4 25. Rxe6 Rxe6 26. Re1 Kf7 27. Rxe6 Kxe6 28. Qf2 Qd5 29. a3 g5 30. Qe3+ Kd6 31. Kf2 Qe5 32. Bxd4 Qxd4 33. c3 Qxe3+ 34. Kxe3 Ke6 35. h4 f4+ 36. Kf3 fxg3 37. Kxg3 gxh4+ 38. Kxh4 Ke5 39. Kxh5 Kf4 40. b4 Ke3 41. bxc5 bxc5 42. d4 cxd4 43. cxd4 Kxd4 44. Kg4 Kc3 45. a4 Kb4 46. a5 Kxa5 47. Kf3 Kb4 48. Ke2 0-1

[Event "GBR-ch Major 104th"]
[Site "Llandudno"]
[Date "2017.08.04"]
[Round "7"]
[White "Raghavendra, Mahima"]
[Black "Akeya Price, Robert A"]
[Result "1-0"]
[WhiteElo "1562"]
[BlackElo "1746"]
[PlyCount "97"]
[EventDate "2017.07.29"]
[EventType "swiss"]
[EventRounds "9"]
[EventCountry "WLS"]
[SourceTitle "CBM 179 Extra"]
[Source "ChessBase"]
[SourceDate "2017.08.23"]
[SourceVersion "1"]
[SourceVersionDate "2017.08.23"]
[SourceQuality "1"]

1. e4 c6 2. d4 d5 3. exd5 cxd5 4. c4 e6 5. Nc3 Nf6 6. Nf3 Be7 7. Bg5 Nbd7 8. c5 0-0 9. Bd3 a6 10. 0-0 h6 11. Bd2 Qc7 12. Re1 b6 13. b4 Bb7 14. Qe2 Bc8 15. Rec1 Bb7 16. g3 Rfc8 17. Bf4 Qd8 18. Rab1 Qf8 19. Rb3 g5 20. Bd2 Qd8 21. Rb2 Kg7 22. Rbc2 Qc7 23. Nd1 bxc5 24. dxc5 Nb8 25. a4 Bc6 26. b5 Be8 27. c6 Bd6 28. Qe3 Qd8 29. Ne5 Bxe5 30. Qxe5 Qc7 31. Qb2 axb5 32. axb5 Nxc6 33. bxc6 Rcb8 34. Qc3 Rb6 35. Ne3 e5 36. Nf5+ Kg6 37. f3 e4 38. fxe4 dxe4 39. Bc4 Rxc6 40. Nd4 Qb6 41. Be3 Nd5 42. Qd2 Nxe3 43. Qxe3 Rd8 44. Qxe4+ Kg7 45. Qe5+ Kg8 46. Bxf7+ Kxf7 47. Rf2+ Kg8 48. Nxc6 Bxc6 49. Qe6+ 1-0

[Event "GBR-ch Major 104th"]
[Site "Llandudno"]
[Date "2017.08.03"]
[Round "6"]
[White "Johnson, Paul A"]
[Black "Raghavendra, Mahima"]
[Result "1-0"]
[WhiteElo "1870"]
[BlackElo "1562"]
[PlyCount "100"]
[EventDate "2017.07.29"]
[EventType "swiss"]
[EventRounds "9"]
[EventCountry "WLS"]
[SourceTitle "CBM 179 Extra"]
[Source "ChessBase"]
[SourceDate "2017.08.23"]
[SourceVersion "1"]
[SourceVersionDate "2017.08.23"]
[SourceQuality "1"]

1. d4 d5 2. Nf3 Nf6 3. c4 e6 4. Nc3 Be7 5. Bf4 0-0 6. e3 b6 7. Bd3 Bb7 8. cxd5 Nxd5 9. Nxd5 Bxd5 10. 0-0 g6 11. e4 Bb7 12. Qe2 c5 13. dxc5 Bxc5 14. Rfd1 Qe7 15. Rac1 Nc6 16. e5 a5 17. Bg5 Nd4 18. Bxe7 Nxe2+ 19. Bxe2 Bxe7 20. Rc7 Bxf3 21. Bxf3 Bd8 22. Rb7 Rc8 23. Rdd7 Rc1+ 24. Bd1 Rc5 25. f4 Rc8 26. g4 Bh4 27. f5 gxf5 28. gxf5 Rcd8 29. fxe6 Rxd7 30. exd7 Bd8 31. Bb3 Kg7 32. Kf2 Kg6 33. Bc2+ Kg5 34. Kf3 h5 35. Rb8 h4 36. h3 Rg8 37. Ke4 Kg6 38. Bb3 Kg7 39. Kf5 Rf8 40. a4 Rh8 41. Bd1 Rf8 42. Bf3 Rh8 43. Rc8 Rf8 44. Rc6 Rh8 45. Bg4 Rf8 46. Bh5 Rh8 47. Kg4 Kf8 48. e6 Rg8+ 49. Kf4 Bg5+ 50. Ke4 fxe6 1-0

[Event "GBR-ch Major 104th"]
[Site "Llandudno"]
[Date "2017.07.31"]
[Round "3"]
[White "Raghavendra, Mahima"]
[Black "Modi, Kishan Jagdish"]
[Result "1-0"]
[WhiteElo "1562"]
[BlackElo "1725"]
[PlyCount "99"]
[EventDate "2017.07.29"]
[EventType "swiss"]
[EventRounds "9"]
[EventCountry "WLS"]
[SourceTitle "CBM 179 Extra"]
[Source "ChessBase"]
[SourceDate "2017.08.23"]
[SourceVersion "1"]
[SourceVersionDate "2017.08.23"]
[SourceQuality "1"]

1. e4 c5 2. Nc3 Nc6 3. g3 d6 4. Bg2 g6 5. d3 Bg7 6. f4 Rb8 7. Nf3 e6 8. Be3 Nd4 9. 0-0 Ne7 10. Rb1 b5 11. Ne2 Nxf3+ 12. Bxf3 f5 13. e5 dxe5 14. fxe5 Bxe5 15. Bxc5 Bb7 16. Bxa7 Bxf3 17. Rxf3 Ra8 18. Bf2 Rxa2 19. d4 Bc7 20. Nc3 Ra6 21. Nxb5 0-0 22. Nxc7 Qxc7 23. Qe2 Rc6 24. Rc1 Re8 25. c4 Nd5 26. b3 e5 27. Re1 Nf6 28. dxe5 Rce6 29. Bd4 Ne4 30. Bb2 Rxe5 31. Bxe5 Qxe5 32. Re3 Qc5 33. Kg2 Qb6 34. Qf3 Kg7 35. Rxe4 fxe4 36. Qc3+ Kg8 37. c5 Qc6 38. Qc4+ Re6 39. Re3 Kf8 40. b4 Re5 41. Qd4 Qe6 42. Qd8+ Kg7 43. Ra3 Rf5 44. Ra7+ Kh6 45. Qc7 Qg8 46. Qe7 Qh8 47. Qh4+ Rh5 48. Qf4+ Rg5 49. h4 Qb2+ 50. Kh3 1-0

[Event "BCF-chT3N 1617 (4NCL)"]
[Site "England"]
[Date "2017.01.15"]
[Round "4.13"]
[White "Raghavendra, Mahima"]
[Black "Delaney, Killian"]
[Result "0-1"]
[WhiteElo "1772"]
[BlackElo "2257"]
[PlyCount "126"]
[EventDate "2016.11.26"]
[EventType "team-swiss"]
[EventRounds "11"]
[EventCountry "ENG"]
[SourceTitle "EXT 2019"]
[Source "ChessBase"]
[SourceDate "2018.10.10"]
[SourceVersion "1"]
[SourceVersionDate "2018.10.10"]
[SourceQuality "1"]
[WhiteTeam "Manchester Manticores IV"]
[BlackTeam "Gonzaga"]
[WhiteTeamCountry "ENG"]
[BlackTeamCountry "IRL"]

1. e4 c6 2. d4 d5 3. Nc3 dxe4 4. Nxe4 Nd7 5. Nf3 Ngf6 6. Ng3 c5 7. dxc5 e6 8. Be3 Qc7 9. c3 Bxc5 10. Bxc5 Qxc5 11. Qd4 a6 12. Qxc5 Nxc5 13. Ne5 b5 14. f3 Bb7 15. Nd3 Nxd3+ 16. Bxd3 Rd8 17. 0-0-0 Ke7 18. Rhe1 Nd5 19. Bf1 Rd7 20. Nf5+ Kf6 21. Ne3 Rc8 22. Nxd5+ Bxd5 23. Kb1 g5 24. g3 Rcd8 25. Be2 h5 26. b3 h4 27. c4 bxc4 28. bxc4 Bc6 29. Rxd7 Rxd7 30. Kc2 a5 31. Kc3 e5 32. Rd1 Rxd1 33. Bxd1 Ke6 34. Kd3 hxg3 35. hxg3 Kd6 36. a3 f5 37. Be2 Kc5 38. g4 e4+ 39. fxe4 Bxe4+ 40. Ke3 Bb1 41. gxf5 Bxf5 42. Kd2 Kd4 43. c5 Be4 44. Bd1 Bd5 45. Bg4 Bc6 46. Bd1 Kxc5 47. Kc3 Bb5 48. Bf3 Bf1 49. Kb3 Bc4+ 50. Kc3 Bd5 51. Be2 Be4 52. Bd1 Kd5 53. Kb3 Kd4 54. Ka4 Ke3 55. Kxa5 Bf3 56. Bxf3 Kxf3 57. a4 g4 58. Kb6 g3 59. a5 g2 60. a6 g1Q+ 61. Kb7 Qg7+ 62. Kb8 Qe5+ 63. Kb7 Qb5+ 0-1

[Event "Wakefield 4NCL op-B 10th"]
[Site "Wakefield"]
[Date "2016.09.10"]
[Round "3.10"]
[White "Obi, Marc On"]
[Black "Raghavendra, Mahima"]
[Result "1-0"]
[WhiteElo "1815"]
[BlackElo "1458"]
[PlyCount "75"]
[EventDate "2016.09.09"]
[EventType "swiss"]
[EventRounds "5"]
[EventCountry "ENG"]
[SourceTitle "EXT 2023"]
[Source "ChessBase"]
[SourceDate "2022.10.05"]
[SourceVersion "1"]
[SourceVersionDate "2022.10.05"]
[SourceQuality "1"]

1. d4 d5 2. Bf4 Nf6 3. Nf3 c6 4. c3 Bf5 5. e3 e6 6. Nh4 Bg6 7. Nxg6 hxg6 8. Bd3 Nh5 9. Be5 Nd7 10. Nd2 Nhf6 11. Qc2 Nxe5 12. dxe5 Nd7 13. f4 g5 14. 0-0-0 Bc5 15. Rde1 Qb6 16. Nf1 0-0-0 17. g3 Kb8 18. Kb1 Be7 19. Nd2 gxf4 20. exf4 g5 21. Nf3 gxf4 22. gxf4 Nc5 23. h4 Nxd3 24. Qxd3 Rh5 25. Ng5 Bxg5 26. fxg5 Rdh8 27. Qg3 Qc7 28. Ref1 Qe7 29. Rf6 Qc7 30. Qf4 R5h7 31. h5 Rxh5 32. Rxh5 Rxh5 33. Rxf7 Rh1+ 34. Kc2 Qa5 35. g6 Qxa2 36. g7 Qb1+ 37. Kb3 Qd1+ 38. Kb4 1-0

[Event "Wakefield 4NCL op-B 8th"]
[Site "Wakefield"]
[Date "2016.04.03"]
[Round "5"]
[White "Mallon, Gunnar"]
[Black "Raghavendra, Mahima"]
[Result "1-0"]
[WhiteElo "1685"]
[BlackElo "1423"]
[PlyCount "73"]
[EventDate "2016.04.01"]
[EventType "swiss"]
[EventRounds "5"]
[EventCountry "ENG"]
[SourceTitle "CBM 171 Extra"]
[Source "ChessBase"]
[SourceDate "2016.04.26"]
[SourceVersion "1"]
[SourceVersionDate "2016.04.26"]
[SourceQuality "1"]

1. c4 e5 2. Nc3 Nf6 3. g3 g6 4. Bg2 Bg7 5. e4 d6 6. Nge2 Nc6 7. 0-0 0-0 8. d3 Ne8 9. Rb1 a5 10. f4 f5 11. a3 Nf6 12. h3 Rb8 13. Be3 Ne7 14. b4 axb4 15. axb4 b6 16. c5 bxc5 17. bxc5 Rxb1 18. Qxb1 fxe4 19. cxd6 cxd6 20. dxe4 Be6 21. Rd1 Ne8 22. Nb5 Qc8 23. Kh2 Kh8 24. Nxd6 Nxd6 25. Rxd6 Bc4 26. Rd2 Qa6 27. Qe1 Qb5 28. Qd1 Nc6 29. Nc3 Qa5 30. Nd5 Qa3 31. Qg1 Rb8 32. f5 gxf5 33. exf5 Bxd5 34. Bxd5 Nd4 35. Bxd4 exd4 36. Qf2 Bh6 37. Qxd4+ 1-0

[Event "BCF-ch U11"]
[Site "Aberystwyth"]
[Date "2014.07.23"]
[Round "2"]
[White "Raghavendra, Mahima"]
[Black "Lutchman Singh, Aishwarya"]
[Result "1-0"]
[WhiteElo "130"]
[BlackElo "100"]
[PlyCount "59"]
[EventDate "2014.07.22"]
[EventType "swiss"]
[EventRounds "7"]
[EventCountry "WLS"]
[SourceTitle "EXT 2017"]
[Source "ChessBase"]
[SourceDate "2016.10.25"]
[SourceVersion "1"]
[SourceVersionDate "2016.10.25"]
[SourceQuality "1"]

1. e4 e5 2. Nf3 Nc6 3. d4 exd4 4. Bc4 Bb4+ 5. c3 dxc3 6. bxc3 Be7 7. Qd5 Nh6 8. Bxh6 0-0 9. Be3 d6 10. Qd2 Bg4 11. Nd4 Ne5 12. Bb3 c5 13. Nf5 Re8 14. Nxe7+ Qxe7 15. Bg5 Qd7 16. f4 Ng6 17. 0-0 Rxe4 18. Qd5 Re2 19. Nd2 Bf5 20. Nf3 h6 21. Qd1 Rb2 22. Qc1 Re2 23. Bh4 Nxf4 24. Qxf4 g5 25. Nxg5 hxg5 26. Qxg5+ Kh8 27. Qxf5 Qc6 28. Qf6+ Kh7 29. Qxf7+ Kh6 30. Rf6# 1-0